Problémy príjmovej polarizácie a ich príčiny v podmienkach globalizácie
Rozpor medzi rastúcou produkciou bohatstva a nerovnomernosťou jeho rozdeľovania. Narastajúca príjmová polarizácia, príčiny, ktoré spôsobujú rast príjmovej nerovnosti a bohatstva vo svete - aktuálne problémy. Rozdiely v príjmoch bohatých a chudobných v krajinách OECD a EÚ. Top odvetvia v počte doláro...
Uložené v:
| Hlavný autor: | |
|---|---|
| Médium: | Kapitola |
| Jazyk: | Slovak |
| Predmet: | |
| Tagy: |
Žiadne tagy, Buďte prvý, kto otaguje tento záznam!
|
MARC
| LEADER | 00000nla a2200000 4500 | ||
|---|---|---|---|
| 001 | 0209021 | ||
| 005 | 20240502083522.7 | ||
| 041 | 0 | |a slo | |
| 044 | |a CZ | ||
| 245 | 1 | 0 | |a Problémy príjmovej polarizácie a ich príčiny v podmienkach globalizácie |c Mária Tokárová |
| 520 | |a Rozpor medzi rastúcou produkciou bohatstva a nerovnomernosťou jeho rozdeľovania. Narastajúca príjmová polarizácia, príčiny, ktoré spôsobujú rast príjmovej nerovnosti a bohatstva vo svete - aktuálne problémy. Rozdiely v príjmoch bohatých a chudobných v krajinách OECD a EÚ. Top odvetvia v počte dolárových miliardárov. | ||
| 610 | 2 | 0 | |a globalizácia |
| 610 | 2 | 0 | |a príjmy |
| 610 | 2 | 0 | |a nerovnosť |
| 610 | 2 | 0 | |a svet |
| 610 | 2 | 0 | |a nerovnosť dôchodková |
| 610 | 2 | 0 | |a bohatstvo |
| 610 | 2 | 0 | |a bohatí |
| 610 | 2 | 0 | |a chudoba |
| 610 | 2 | 0 | |a chudobní |
| 610 | 2 | 0 | |a nezamestnanosť |
| 100 | 1 | |a Tokárová, Mária | |